Разная переписка по организационной и мандатной комиссиям XVI Всероссийского и VII Всесоюзного Съездов Советов

Доступно только в Электронных читальных залах Найти на картеНа карте
RUSMARC
00004782nmc2a22003133x 450
001c679651a-73a4-4f6b-9bff-f7a1c0550847
00520210716184159.0
100##$a20210612l19351935k y0rusy50 ca
1010#$arus
102##$aRU
105##$aa z |||e|
1222#$ad19350131
$ad19350228
1222#$ad193501
$ad193502
2001#$aРазная переписка по организационной и мандатной комиссиям XVI Всероссийского и VII Всесоюзного Съездов Советов
$jЯнварь - февраль 1935
215##$a31 лист
$cтабл.
251##$cДело
300##$aЗаголовок дела на папке: Разная переписка по организационной и мандатной комиссиям XVI-го Всероссийского и VII-го Всесоюзного Съездов Советов. Январь-февраль 1935 г.
300##$aВ деле имеются телеграммы
300##$aЧасть текста машинописная и рукописная, часть - напечатана типографским способом
330##$aВходит в раздел описи: VII-й Съезд Советов
461#0$1001796d4672-8a00-4986-b488-6e42273792cc
$12001
$aЦЕНТРАЛЬНЫЙ ИСПОЛНИТЕЛЬНЫЙ КОМИТЕТ СССР (ЦИК СССР)
$1251
$cФонд
$1852
$j3316
$gР
462#0$10012246e4af-064a-4b66-b386-cae0ddb7fb2d
$12001
$aДела 7-го Съезда Советов и 1-й, 2-й, 3-й, 4-й Сессий 7-го созыва. 1935-1937 гг.
$vД. 65
$1251
$cОпись
$1852
$j7
5171#$aРазная переписка по организационной и мандатной комиссиям XVI-го Всероссийского и VII-го Всесоюзного Съездов Советов. Январь-февраль 1935 г.
60101$3RU\NLR\AUTH\880357276
$aСССР
$bЦИК
6011|$3RU\NLR\AUTH\661048804
$aСССР. Съезд советов 7-й
60101$3RU\NLR\AUTH\8810134311
$aРСФСР
$bСъезд Советов
$c16
801#0$aRU
$bGA_RF
801#1$aRU
$bГлавНИВЦ
$c20210612
$2rusmarc
801#2$aRU
$bПБ им. Б.Н. Ельцина
$c20210716
$gRCR
$2rusmarc
852##$aГА РФ
$j65
937##$d166299213
$hГАРФ
035##$aRuPRLIB51060524
856##$uhttp://readingroom.main.prlib.ru/item.aspx?id_node=n166299213&mode=full
Формат отображения